000 00653nam a2200229 a 4500
001 67615
003 BD-RjUL
005 20211209081656.0
008 170327s1967 us 001 0 eng
035 _a(BD-RjUL)67746
040 _aDLC
_cOFiC
_dBD-RjUL
_beng
041 _aeng
082 _a541.37
_223
_bLYI 1967
100 1 _aLyons, Ernest Herbert,
_d1908-
_9200338
245 1 0 _aIntroduction to electrochemistry /
_cErnest H. Lyons, Jr.
260 _aBoston :
_bHeath,
_c1967.
300 _aiv, 123 p. :
_bill. ;
_c21 cm.
504 _aIncludes index bibliography
650 0 _aElectrochemistry.
_9200339
942 _2ddc
_cBK
999 _c67615
_d67615